ՀՀ Գիտությունների ազգային ակադեմիայի հիմնարար գիտական գրադարան  =   Fundamental Scientific Library of NAS RA

Выставка работ Леонида Андриановича Ивановского : (Record no. 379415)

MARC details
000 -LEADER
fixed length control field 01001nam a2200205 a 4500
001 - CONTROL NUMBER
control field 001195317
003 - CONTROL NUMBER IDENTIFIER
control field AM-YeHGA
005 - DATE AND TIME OF LATEST TRANSACTION
control field 20250617152846.0
008 - FIXED-LENGTH DATA ELEMENTS--GENERAL INFORMATION
fixed length control field 161207s1978 ru r 000 0 rus d
040 ## - CATALOGING SOURCE
Original cataloging agency AM-YeHGA
041 0# - LANGUAGE CODE
Language code of text/sound track or separate title rus
090 ## - LOCALLY ASSIGNED LC-TYPE CALL NUMBER (OCLC); LOCAL CALL NUMBER (RLIN)
-- 381333
245 00 - TITLE STATEMENT
Title Выставка работ Леонида Андриановича Ивановского :
Remainder of title Живопись, акварель, рисунок, Линогравюра : Каталог /
Statement of responsibility, etc. Вологодский обл. краеведческий музей; Вступит. ст. В.И. Меркурьева.
260 ## - PUBLICATION, DISTRIBUTION, ETC.
Place of publication, distribution, etc. Вологда :
Name of publisher, distributor, etc. Б.и.,
Date of publication, distribution, etc. 1978.
300 ## - PHYSICAL DESCRIPTION
Extent 46 с. :
Other physical details ил.
600 14 - SUBJECT ADDED ENTRY--PERSONAL NAME
Personal name Ивановский, Леонид Андрианович
653 0# - INDEX TERM--UNCONTROLLED
Uncontrolled term Русские советские художники - Каталоги работ
700 1# - ADDED ENTRY--PERSONAL NAME
Personal name Меркурьев, В.И.
Relator term авт. вступ. ст.
Relationship aui
710 2# - ADDED ENTRY--CORPORATE NAME
Corporate name or jurisdiction name as entry element Вологодский областной краеведческий музей
Holdings
Withdrawn status Lost status Source of classification or shelving scheme Damaged status Not for loan Collection Home library Current library Date acquired Total checkouts Full call number Barcode Date last seen Price effective from Koha item type Public note
    Universal Decimal Classification     General Fundamental Scientific Library Fundamental Scientific Library 11/01/2017   PII/425255 FL0440586 11/01/2017 11/01/2017 Գրքեր / Books 30 Days Loan


ՀՀ ԳԱԱ հիմնարար գիտական գրադարան
ՀՀ,Երևան 0019
Մարշալ Բաղրամյան 24/6
հեռախոս:(374-10) 52-47-50
Հետադարձ կապ

All site content, except where otherwise noted, is licensed under a
Creative Commons License